000 00850cam a22002415a 4500
003 OSt
005 20150823133351.0
008 110518s2009 su|a fr 000 0 ara d
020 _a9786000209582
040 _aEG-ScBUE
_bara
_dEG-ScBUE
082 0 4 _a158.2
_bأ و ر
_222
100 1 _aأوري، وليام
_923922
245 1 0 _aقوة الرفض الإيجابي :
_bكيف تقول لا وتحظى في الوقت عينه بقبول الآخرين /
_cترجمة مكتبة جرير؛ وليام أوري
250 _aط.1.
260 _aالرياض :
_bمكتبة جرير،
_c2009
300 _a294 ص ؛
_bأيض ،
_c20 سم.
590 _areham yahia doaa mohamed
650 _923920
_aالرفض
_2BUEsh
651 _2BUEsh
653 _cAugust2015
_bARALIT
710 _aمكتبة جرير
_923926
942 _2ddc
_cBB
_k158.2 أ و ر
999 _c15323
_d15323